000 01199cam a2200313 a 4500
999 _c18646
_d18646
001 2595280
003 BDDh-ASL
005 20231015025723.0
008 971009s1997 ir b f001 0 eng
010 _a 96933221
040 _aDLC
_cDLC
_dBDDh-ASL
041 0 _aengara
042 _alcode
050 0 0 _aBP130.4
_b.E55 1996
082 0 0 _a297.01
_221
_bENL
245 0 3 _aAn enlightening commentary into the light of the Holy Qurʼan, Volume-1 /
_cby a group of Muslim scholars ; translated by Saiyed Abbas Sadr-ʻāmelī ; edited by Somaiyah Berrigan.
246 3 0 _aLight of the Holy Qurʼan.
250 _a5th ed.
260 _aEsfahan, Iran :
_bAmir-al-Moʼmineen Ali Library,
_c1997.
300 _av-1, 366 p. ;
_c25 cm.
504 _aIncludes bibliographical references and index.
546 _aIn English with passages in Arabic.
630 0 0 _aQurʼan
_xCommentaries.
700 1 _aBerrigan, Somaiyah.
700 1 _aSadr-ameli, Sayyid Abbas
_91502
_eTranslator
906 _a7
_bcbc
_corigode
_d2
_encip
_f19
_gy-gencatlg
942 _2ddc
_cBK